[Event "GER-ch U25 op-B"]
[Site "Oberhof"]
[Date "2012.05.28"]
[Round "3"]
[White "Herrmann, Heribert"]
[Black "Naujoks, Max"]
[Result "0-1"]
[WhiteElo "1534"]
[BlackElo "1398"]
[PlyCount "90"]
[EventDate "2012.05.27"]
[EventType "swiss"]
[EventRounds "9"]
[EventCountry "GER"]
[SourceTitle "CBM 148 Extra"]
[Source "ChessBase"]
[SourceDate "2012.06.22"]
[SourceVersion "1"]
[SourceVersionDate "2012.06.22"]
[SourceQuality "1"]

1. c4 b6 2. Nc3 Bb7 3. e4 g6 4. g3 Bg7 5. Nge2 d6 6. Bg2 Nf6 7. 0-0 e5 8. d3 0-0 9. h3 c5 10. f4 Nc6 11. f5 Nd4 12. g4 a6 13. g5 Nh5 14. f6 Bh8 15. Kh2 Qe8 16. Nd5 Bxd5 17. cxd5 h6 18. Bf3 Nxf3+ 19. Rxf3 Qd8 20. Qf1 Rc8 21. Qf2 Re8 22. Be3 hxg5 23. Bxg5 c4 24. d4 exd4 25. Nxd4 Rxe4 26. Nc6 Rxc6 27. dxc6 Qc7 28. Re1 Qxc6 29. Rxe4 Qxe4 30. Re3 Qc6 31. Qf3 d5 32. Re5 Nxf6 33. Bxf6 Bxf6 34. Rxd5 Qc7+ 35. Qg3 Qxg3+ 36. Kxg3 Bxb2 37. Rd8+ Kg7 38. Kf4 c3 39. Rc8 b5 40. Ke4 f5+ 41. Kd3 b4 42. Ra8 f4 43. Rxa6 Kh6 44. h4 Kh5 45. Rf6 c2 0-1